| 000 | 00916nam a2200241 a 4500 | ||
|---|---|---|---|
| 001 | 000011901 | ||
| 005 | 20200929162618.0 | ||
| 008 | 091029s1985 sp a 000 0 spa d | ||
| 020 | _a8437605431 | ||
| 040 |
_aDO-SdBNP _bspa _cBNPHU |
||
| 041 | 1 | 7 |
_aspa _heng _2Código de idioma MARC |
| 082 |
_a412 _bF653s |
||
| 100 | 1 |
_aFodor, Janet D. _q(Janet Dean) _928146 |
|
| 240 | 1 | 0 |
_aSemantics: theories of meaning in generative gramar _lespañol |
| 245 | 1 | 0 |
_aSemántica : _bteorías del significado en la gramática generativa / _cJanet D. Fodor ; traductor, Francisco Aliaga García. |
| 260 |
_aMadrid : _bCátedra, _c1985. |
||
| 300 |
_a317 p. : _bil. ; _c21 cm. |
||
| 490 | 1 | _aLingüística | |
| 534 |
_pTítulo original en inglés: _tSemantics: theories of meaning in generative gramar _cThomas Crowell Co., 1977 |
||
| 650 | 4 |
_aSemiología (lingüística) _928035 |
|
| 830 | 0 |
_aLingüística _916423 |
|
| 049 | _aBNGR | ||
| 999 |
_c11571 _d11571 |
||